• 首页
  • 本馆介绍
  • 公告通知
  • 最新文献
  • 馆藏检索
  • 电子资源
  • 读者导购
  • 参考咨询
  • 我的图书馆
  • 登录
  • 详细信息显示
  • 放入我的书架
  • 预约/预借图书
  • 作者相关作品
  • 分类相关作品
  • 丛书相关作品
  • 出版社相关作品

书目信息

  • 表格格式
  • 工作单格式
  • 卡片格式
题名:
中国社会发展研究报告
    
 
作者: ;国家发展改革委 编
分册: 2012   城镇化进程中的社会发展问题
出版信息: 北京   经济科学出版社  2013
页数: 255页
开本: 24cm
丛书名:
单 册:
中图分类: D668 , D669
科图分类:
主题词: 社会发展--研究报告--中国--2012 , 城市化--社会问题--研究--中国 , 社会发展 , 城市化 , 社会问题
电子资源:
ISBN: 978-7-5141-4103-0
000 01368nam0 2200301 450
001 524
005 20140905100906.31
010    @a978-7-5141-4103-0@dCNY56.00
100    @a20140117d2013 em y0chiy50 ea
101 0  @achi@eeng
102    @aCN@b110000
105    @ay z 000yy
106    @ar
200 1  @a中国社会发展研究报告@AZhong Guo She Hui Fa Zhan Yan Jiu Bao Gao@h2012@i城镇化进程中的社会发展问题@ICheng Zhen Hua Jin Cheng Zhong De She Hui Fa Zhan Wen Ti@f国家发展和改革委员会社会发展研究所编@FGuo Jia Fa Zhan He Gai Ge Wei Yuan Hui She Hui Fa Zhan Yan Jiu Suo Bian
210    @a北京@c经济科学出版社@d2013
215    @a255页@d24cm
300    @a2012年度国家发展和改革委员会宏观经济研究院基本科研业务专项资金课题
330    @a本书针对我国城镇化进程中出现的新问题,从不同角度具体研究了城镇化进程中社会保障制度的衔接与整合问题,我国农民工随迁子女义务教育问题,流动人口社区管理问题,城中村问题,大城市新城社会风险问题,城镇化的收入分配效应问题,人力资源市场一体化问题,城镇化背景下的空心村等问题。
606 0  @a社会发展@x研究报告@y中国@z2012
606 0  @a城市化@x社会问题@x研究@y中国
606 0  @a社会发展
606 0  @a城市化
606 0  @a社会问题
690    @aD668@v5
690    @aD669@v5
711 02 @a国家发展改革委@AGuo Jia Fa Zhan Gai Ge Wei@b社会发展研究所@4编
801  0 @aCN@bTANGWEI@c20140603
905    @b0839182-84@dD668@e136(2012)@f3
    
    中国社会发展研究报告.2012.城镇化进程中的社会发展问题/国家发展和改革委员会社会发展研究所编.-北京:经济科学出版社,2013
    255页;24cm
    2012年度国家发展和改革委员会宏观经济研究院基本科研业务专项资金课题
    
    ISBN 978-7-5141-4103-0:CNY56.00
    本书针对我国城镇化进程中出现的新问题,从不同角度具体研究了城镇化进程中社会保障制度的衔接与整合问题,我国农民工随迁子女义务教育问题,流动人口社区管理问题,城中村问题,大城市新城社会风险问题,城镇化的收入分配效应问题,人力资源市场一体化问题,城镇化背景下的空心村等问题。
●
相关链接 在E读中查询图书 在五车中查询图书 在当当中查询图书 在豆瓣中查询图书


正题名:中国社会发展研究报告     索取号:D668/136(2012)         预约/预借

序号 登录号 条形码 馆藏地/架位号 状态 备注
1 0839182   208391827   第一样本阅览室/ [索取号:D668/136(2012)] 在馆    
2 0839183   208391836   第一借阅区/ [索取号:D668/136(2012)] 在馆    
3 0839184   208391845   第一借阅区/ [索取号:D668/136(2012)] 在馆    
唐山师范学院图书馆 欢迎您!
大连网信软件有限公司© 版权所有